| 000 -LEADER |
| fixed length control field |
02301cam a22004097a 4500 |
| 001 - CONTROL NUMBER |
| control field |
14069446 |
| 003 - CONTROL NUMBER IDENTIFIER |
| control field |
OSt |
| 005 - DATE AND TIME OF LATEST TRANSACTION |
| control field |
20210811120744.0 |
| 008 - FIXED-LENGTH DATA ELEMENTS--GENERAL INFORMATION |
| fixed length control field |
050809s2003 flu b 001 0 eng d |
| 010 ## - LIBRARY OF CONGRESS CONTROL NUMBER |
| LC control number |
2005279814 |
| 020 ## - INTERNATIONAL STANDARD BOOK NUMBER |
| International Standard Book Number |
1855737132 |
| 035 ## - SYSTEM CONTROL NUMBER |
| System control number |
(OCoLC)ocm53187009 |
| 038 ## - RECORD CONTENT LICENSOR |
| Staff Name |
khadija |
| 040 ## - CATALOGING SOURCE |
| Original cataloging agency |
CtWfDGI |
| Transcribing agency |
OLINC |
| Modifying agency |
OCLCQ |
| -- |
UMC |
| -- |
BAKER |
| -- |
DLC |
| 042 ## - AUTHENTICATION CODE |
| Authentication code |
lccopycat |
| 050 00 - LIBRARY OF CONGRESS CALL NUMBER |
| Classification number |
TL158 |
| Item number |
.N54 2003 |
| 082 00 - DEWEY DECIMAL CLASSIFICATION NUMBER |
| Classification number |
629.222072 |
| Edition number |
22 |
| Author Mark |
NIE |
| 100 1# - MAIN ENTRY--PERSONAL NAME |
| Personal name |
Nieuwenhuis, Paul. |
| 9 (RLIN) |
81426 |
| 245 14 - TITLE STATEMENT |
| Title |
The automotive industry and the environment |
| Remainder of title |
a technical, business and social future / |
| Statement of responsibility, etc. |
Paul Nieuwenhuis and Peter Wells. |
| 260 ## - PUBLICATION, DISTRIBUTION, ETC. |
| Place of publication, distribution, etc. |
Boca Raton, Fla. : |
| Name of publisher, distributor, etc. |
CRC Press ; |
| Place of publication, distribution, etc. |
Cambridge, U.K. : |
| Name of publisher, distributor, etc. |
Woodhead Pub., |
| Date of publication, distribution, etc. |
c2003. |
| 300 ## - PHYSICAL DESCRIPTION |
| Extent |
xv, 255 p. ; |
| Dimensions |
24 cm. |
| 440 #0 - SERIES STATEMENT/ADDED ENTRY--TITLE |
| Title |
Woodhead Publishing in environmental management |
| 9 (RLIN) |
81427 |
| 504 ## - BIBLIOGRAPHY, ETC. NOTE |
| Bibliography, etc. note |
Includes bibliographical references and index. |
| 505 0# - FORMATTED CONTENTS NOTE |
| Formatted contents note |
Abbreviations and glossary -- Introduction -- The structure of the automotive industry -- Markets and the demand for cars -- From manufacturers to responsible mobility providers -- Sector shift, inter-sector dynamics and futures studies -- Powertrain and fuel -- Fuel cells and the hydrogen economy -- High volume car production: Budd and Ford -- Alternatives to high volume car production -- Sustainability -- Sustainable mobility -- Practical steps towards sustainability -- Automobility 2050, the vision -- The distributed economy -- The shape of the future -- The roadmap -- Micro factory retailing -- Conclusions and implications -- index. |
| 563 ## - BINDING INFORMATION |
| Binding note |
hard cover |
| 650 #0 - SUBJECT ADDED ENTRY--TOPICAL TERM |
| Topical term or geographic name entry element |
Automobiles |
| General subdivision |
Research. |
| 9 (RLIN) |
81428 |
| 650 #0 - SUBJECT ADDED ENTRY--TOPICAL TERM |
| Topical term or geographic name entry element |
Automobiles |
| General subdivision |
Environmental aspects. |
| 9 (RLIN) |
38692 |
| 650 #0 - SUBJECT ADDED ENTRY--TOPICAL TERM |
| Topical term or geographic name entry element |
Automobiles |
| General subdivision |
Technological innovations. |
| 9 (RLIN) |
81429 |
| 650 #0 - SUBJECT ADDED ENTRY--TOPICAL TERM |
| Topical term or geographic name entry element |
Automobile industry and trade. |
| 9 (RLIN) |
81430 |
| 650 #0 - SUBJECT ADDED ENTRY--TOPICAL TERM |
| Topical term or geographic name entry element |
Alternative fuel vehicles. |
| 9 (RLIN) |
6049 |
| 700 1# - ADDED ENTRY--PERSONAL NAME |
| Personal name |
Wells, P. E. |
| Fuller form of name |
(Peter E.), |
| Dates associated with a name |
1959- |
| 9 (RLIN) |
81431 |
| 856 42 - ELECTRONIC LOCATION AND ACCESS |
| Materials specified |
Publisher description |
| Uniform Resource Identifier |
<a href="http://www.loc.gov/catdir/enhancements/fy0646/2005279814-d.html">http://www.loc.gov/catdir/enhancements/fy0646/2005279814-d.html</a> |
| 856 42 - ELECTRONIC LOCATION AND ACCESS |
| Materials specified |
Contributor biographical information |
| Uniform Resource Identifier |
<a href="http://www.loc.gov/catdir/enhancements/fy1211/2005279814-b.html">http://www.loc.gov/catdir/enhancements/fy1211/2005279814-b.html</a> |
| 906 ## - LOCAL DATA ELEMENT F, LDF (RLIN) |
| a |
7 |
| b |
cbc |
| c |
copycat |
| d |
2 |
| e |
ncip |
| f |
20 |
| g |
y-gencatlg |
| 942 ## - ADDED ENTRY ELEMENTS (KOHA) |
| Source of classification or shelving scheme |
|
| Koha item type |
Book |